#momentidimemoria /
Сохранить в:
| Главный автор: | |
|---|---|
| Формат: | |
| Язык: | итальянский |
| Опубликовано: |
Ancona :
Italic,
2021
|
| Метки: |
Нет меток, Требуется 1-ая метка записи!
|
MARC
| LEADER | 00000nam a22000007i 4500 | ||
|---|---|---|---|
| 001 | IT\ICCU\CAG\2121839 | ||
| 003 | ItRI | ||
| 005 | 20260115232136.0 | ||
| 008 | 211223s2021 it |||||| ||||| |||||c | ||
| 020 | |a 9788869742439 | ||
| 040 | |b ita |c importazione bologna sebina | ||
| 041 | 7 | |a ita |2 ISO-639-2 | |
| 100 | 1 | |a Fancellu, Piero, |d (1969-) |0 IT\ICCU\CAGV\755977 | |
| 240 | 1 | 0 | |a #momentidimemoria |3 IT\ICCU\CAG\2121840 |9 Fancellu, Piero <1969-> |
| 245 | 1 | 0 | |a #momentidimemoria / |c Piero Fancellu ; disegni di Manuela Frisone. |
| 260 | |a Ancona : |b Italic, |c 2021 | ||
| 300 | |a 101 p. : |b ill. ; |c 20 cm | ||
| 942 | |2 ddc |c BK |n 0 | ||
| 952 | |0 0 |1 0 |4 0 |6 DOC_853_920000000000000_FAN |7 0 |9 20783 |a BO |b BO |d 2026-01-15 |i 19816 |l 0 |o DOC 853.92 FAN |p BO19816 |r 2026-01-15 23:21:36 |w 2026-01-15 |x [Sebina 5] [1 v.] |y BK |z 1 v. | ||
| 999 | |c 17758 |d 17758 | ||